History Quiz

Random History or Art Quiz

Famous Artist by Painting 'Remake' Quiz Stats

 Plays Quiz Updated Mar 28, 2016

Also try: Artist by Painting
Challenge
Share
Tweet
Score 0/14 Timer 06:00
1 Play Today
% Correct
'Weepin Woman' by Pablo Picasso
92.8%
'The Last Supper' by Leonardo da Vinci
90.7%
'Bedroom in Arles' by Vincent van Gogh
84%
'The Two Fridas' by Frida Kahlo
74.7%
'Girl with a Pearl Earring' by Johannes Vermeer
67%
'The Anatomy Lesson of Dr. Nicolaes Tulp' by Rembrandt
55.3%
'American Gothic' by Grant Wood
49.6%
% Correct
'Nighthawks' by Edward Hopper
47%
'Primavera' by Sandro Botticelli
38.9%
'Liberty Leading the People' by Eugène Delacroix
29.1%
'Supper at Emmaus' by Caravaggio
18.3%
'The Threatened Assassin' by René Magritte
13.1%
'The Ship' by Salvador Dalí
11.1%
“Portrait of the Actress Jeanne Samary” by Pierre-Auguste Renoir
7.9%

You're not logged in!

Compare scores with friends on all Sporcle quizzes.
OR
Log In

You Might Also Like...

Show Comments

Extras

Top Quizzes Today


Score Distribution

Your Account Isn't Verified!

In order to create a playlist on Sporcle, you need to verify the email address you used during registration. Go to your Sporcle Settings to finish the process.

Report this User

Report this user for behavior that violates our Community Guidelines.

Details: